| 000 | 00955nam a22003137a 4500 | ||
|---|---|---|---|
| 003 | CHAP | ||
| 005 | 20220329134949.0 | ||
| 008 | 971013s1980 r 00010 d | ||
| 010 | _a28739 | ||
| 011 | _a29711 | ||
| 035 | _a33822 | ||
| 040 | _cCHAP | ||
| 082 |
_a001.61 _bL3 |
||
| 100 | 0 | 0 |
_aLaver, Murray. _965143 |
| 245 | _aComputer and social change | ||
| 260 |
_aLondon : _bCambridge University, _c1980 |
||
| 300 | _a125 p. | ||
| 490 |
_aCambidge computer science texts _v; 10 |
||
| 590 |
_aBATCH-UPD _b10 _c20130110 _lUCH01 _h2047 |
||
| 590 |
_aBATCH-UPD _b10 _c20130410 _lUCH01 _h1400 |
||
| 590 |
_aBATCH-UPD _b10 _c20130914 _lUCH01 _h0820 |
||
| 590 |
_aCONVERSION _b10 _c20130109 _lUCH01 _h1316 |
||
| 650 | 1 | 4 |
_aCambio social. _917787 |
| 650 | 1 | 4 |
_aComputación. _926122 |
| 830 | 0 |
_aCambidge computer science texts _v; 10 _917779 |
|
| 901 | _aBK | ||
| 942 | _cLIBRO | ||
| 949 |
_a001.61 L3 _bBC _cLIBRO _d33724000285284 _eLIBRO _h52138 _i33822 _si _t550.00 |
||
| 999 |
_c28739 _d28739 |
||